000
00335nam a2200145Ia 4500
008
210210b1932 xxu||||| |||| 00| 0 eng d
041
_a
eng
082
_a
825/181
100
_a
CHESTERTON (G K)
245
_a
Chaucer
260
_a
London
_b
Faber & Faber
_c
1932
650
_a
Chaucer
690
_a
English Criticism
906
_a
014498
999
_c
133683
_d
133683